000 00614cam a2200205 4500
001 WB3602-06
008 000000n2000 000 0 eng u
035 _a(Sirsi) u103577
245 _aTender prices
260 _c2000
490 _aBCIS News Release
520 _aLatest figures from BCIS show that tender prices remained unchanged during 3Q 1999 compared with 3Q 1998.
590 _aWB
650 _aTENDER PRICES
650 _aBUILDING CONTRACTORS
650 _aWORKLOAD
650 _aCONSTRUCTION FORECASTS
690 _aBUILDING AND CONSTRUCTION-PROCUREMENT, PARTNERING, TENDERING
942 _n0
999 _c62215
_d62215